[Event "11th LCC FIDE Open 2019"]
[Site "London"]
[Date "2019.12.04"]
[Round "7.3"]
[White "Flear, Glenn C"]
[Black "Song, Raymond"]
[Result "1/2-1/2"]
[WhiteElo "2463"]
[BlackElo "2468"]
[Annotator "ChessBase"]
[PlyCount "185"]
[EventDate "2019.11.29"]
[EventType "swiss"]
[EventCountry "ENG"]
[SourceTitle "playchess.com"]
[Source "ChessBase"]
[SourceQuality "1"]
[TimeControl "40/5400+30:1800+30"]

1. d4 {[%emt 0:00:00]} Nf6 {[%emt 0:00:00]} 2. c4 {[%emt 0:00:00]} e6 {[%emt 0:00:00]} 3. Nf3 {[%emt 0:00:35]} d5 {[%emt 0:00:00]} 4. Nc3 {[%emt 0:00:19]} Bb4 {[%emt 0:00:00]} 5. Qa4+ {[%emt 0:00:55]} Nc6 {[%emt 0:00:00]} 6. e3 {[%emt 0:00:16]} O-O {[%emt 0:00:08]} 7. Qc2 {[%emt 0:00:45]} Ne7 {[%emt 0:00:12]} 8. Bd2 {[%emt 0:07:35]} b6 {[%emt 0:00:07]} 9. Nb5 {[%emt 0:11:26]} c5 {[%emt 0:03:19]} 10. dxc5 {[%emt 0:04:00]} bxc5 {[%emt 0:03:06]} 11. cxd5 {[%emt 0:04:54]} Nexd5 {[%emt 0:01:29]} 12. Be2 {[%emt 0:13:19]} Bxd2+ {[%emt 0:01:18]} 13. Nxd2 {[%emt 0:01:33]} Nb4 {[%emt 0:00:08]} 14. Qc3 {[%emt 0:06:19]} Ba6 {[%emt 0:10:05]} 15. O-O {[%emt 0:03:16]} Rb8 {[%emt 0:06:28]} 16. a4 {[%emt 0:02:09]} Qe7 {[%emt 0:00:05]} 17. Rfc1 {[%emt 0:04:15]} Rfc8 {[%emt 0:00:05]} 18. Bf1 {[%emt 0:02:15]} e5 {[%emt 0:11:12]} 19. Nc4 {[%emt 0:08:47]} e4 {[%emt 0:00:42]} 20. Qe5 {[%emt 0:03:10]} Qxe5 {[%emt 0:06:56]} 21. Nxe5 {[%emt 0:00:11]} Bxb5 {[%emt 0:01:43]} 22. axb5 {[%emt 0:03:00]} Rb7 {[%emt 0:00:06]} 23. Bc4 {[%emt 0:05:50]} Rcc7 {[%emt 0:03:33]} 24. Rxa7 {[%emt 0:04:34]} Rxa7 {[%emt 0:00:24]} 25. b6 {[%emt 0:00:05]} Kf8 {[%emt 0:04:24]} 26. bxa7 {[%emt 0:03:28]} Rxa7 {[%emt 0:00:05]} 27. Nxf7 {[%emt 0:06:08]} Rxf7 {[%emt 0:01:19]} 28. Bxf7 {[%emt 0:00:05]} Nd3 {[%emt 0:00:07]} 29. Rc3 {[%emt 0:02:36]} Kxf7 {[%emt 0:00:06]} 30. f3 {[%emt 0:00:20]} Nd5 {[%emt 0:01:12]} 31. Rc4 {[%emt 0:01:13]} exf3 {[%emt 0:07:21]} 32. gxf3 {[%emt 0:00:06]} Nxb2 {[%emt 0:00:03]} 33. Rxc5 {[%emt 0:00:06]} Nxe3 {[%emt 0:00:04]} 34. Rc7+ {[%emt 0:01:30]} Kf6 {[%emt 0:00:06]} 35. Rc6+ {[%emt 0:00:50]} Ke5 {[%emt 0:00:39]} 36. Rc7 {[%emt 0:00:08]} Nf5 {[%emt 0:00:16]} 37. Rb7 {[%emt 0:01:13]} Nd3 {[%emt 0:00:21]} 38. Rd7 {[%emt 0:00:10]} Nc5 {[%emt 0:00:16]} 39. Rc7 {[%emt 0:00:10]} Ne6 {[%emt 0:00:05]} 40. Ra7 {[%emt 0:00:31]} Kf4 {[%emt 0:00:21]} 41. Kf2 {[%emt 0:30:51]} Ned4 {[%emt 0:30:18]} 42. Ra4 {[%emt 0:00:41]} Kg5 {[%emt 0:00:52]} 43. Rb4 {[%emt 0:00:00]} Ne6 {[%emt 0:00:00]} 44. Rg4+ {[%emt 0:00:00]} Kf6 {[%emt 0:00:00]} 45. Ra4 {[%emt 0:00:00]} g6 {[%emt 0:00:00]} 46. Ra7 {[%emt 0:00:00]} h6 {[%emt 0:00:00]} 47. Ra4 {[%emt 0:00:00]} Nfd4 {[%emt 0:00:00]} 48. Ra6 {[%emt 0:00:00]} Kg5 {[%emt 0:00:00]} 49. Kg3 {[%emt 0:00:00]} Nf5+ {[%emt 0:00:00]} 50. Kf2 {[%emt 0:00:00]} Nf4 {[%emt 0:00:00]} 51. Ra4 {[%emt 0:00:00]} h5 {[%emt 0:00:00]} 52. Re4 {[%emt 0:00:00]} Nd3+ {[%emt 0:00:00]} 53. Kg2 {[%emt 0:00:00]} Nc5 {[%emt 0:00:00]} 54. Re5 {[%emt 0:00:00]} Nd3 {[%emt 0:00:00]} 55. Re4 {[%emt 0:00:00]} Kf6 {[%emt 0:00:00]} 56. Kf1 {[%emt 0:00:00]} Ne5 {[%emt 0:00:00]} 57. Ke2 {[%emt 0:00:00]} Ng7 {[%emt 0:00:00]} 58. Rf4+ {[%emt 0:00:00]} Ke6 {[%emt 0:00:00]} 59. Ra4 {[%emt 0:00:00]} Kf5 {[%emt 0:00:00]} 60. Ra5 {[%emt 0:00:00]} Ne6 {[%emt 0:00:00]} 61. Ke3 {[%emt 0:00:00]} Kf6 {[%emt 0:00:00]} 62. Ra6 {[%emt 0:00:00]} Nd7 {[%emt 0:00:00]} 63. Rd6 {[%emt 0:00:00]} Ke7 {[%emt 0:00:00]} 64. Ra6 {[%emt 0:00:00]} Ndc5 {[%emt 0:00:00]} 65. Rb6 {[%emt 0:00:00]} Kf6 {[%emt 0:00:00]} 66. Rb4 {[%emt 0:00:00]} Kg5 {[%emt 0:00:00]} 67. Rc4 {[%emt 0:00:00]} Nd7 {[%emt 0:00:00]} 68. Ra4 {[%emt 0:00:00]} Nb6 {[%emt 0:00:00]} 69. Re4 {[%emt 0:00:00]} Nd5+ {[%emt 0:00:00]} 70. Kf2 {[%emt 0:00:00]} Nef4 {[%emt 0:00:00]} 71. Kg3 {[%emt 0:00:00]} Nd3 {[%emt 0:00:00]} 72. Ra4 {[%emt 0:00:00]} N5f4 {[%emt 0:00:00]} 73. Ra5+ {[%emt 0:00:00]} Kf6 {[%emt 0:00:00]} 74. Ra6+ {[%emt 0:00:00]} Kf5 {[%emt 0:00:00]} 75. Ra5+ {[%emt 0:00:00]} Ne5 {[%emt 0:00:00]} 76. Kf2 {[%emt 0:00:00]} Kf6 {[%emt 0:00:00]} 77. Rb5 {[%emt 0:00:00]} Ne6 {[%emt 0:00:00]} 78. Rd5 {[%emt 0:01:55]} Ng5 {[%emt 0:00:00]} 79. f4 {[%emt 0:00:54]} Ng4+ {[%emt 0:00:00]} 80. Kg3 {[%emt 0:02:36]} Ne6 {[%emt 0:00:00]} 81. h3 {[%emt 0:01:15]} Ne3 {[%emt 0:00:00]} 82. Ra5 {[%emt 0:00:11]} Nf5+ {[%emt 0:00:00]} 83. Kf3 {[%emt 0:00:06]} Nfd4+ {[%emt 0:00:00]} 84. Ke3 {[%emt 0:00:19]} Nb3 {[%emt 0:00:00]} 85. Rd5 {[%emt 0:00:49]} Nbc5 {[%emt 0:00:00]} 86. Kf3 {[%emt 0:00:27]} Na6 {[%emt 0:00:42]} 87. Ke3 {[%emt 0:00:49]} Nb4 {[%emt 0:01:07]} 88. Ra5 {[%emt 0:00:53]} Nc2+ {[%emt 0:00:39]} 89. Ke4 {[%emt 0:01:09]} Ncd4 {[%emt 0:00:04]} 90. Ke3 {[%emt 0:00:24]} Nf5+ {[%emt 0:00:35]} 91. Kf3 {[%emt 0:00:13]} Ned4+ {[%emt 0:00:54]} 92. Ke4 {[%emt 0:01:06]} Ne6 {[%emt 0:01:28]} 93. Kf3 {[%emt 0:01:29] Ke5 Ke4+} 1/2-1/2

[Event "11th LCC FIDE Open 2019"]
[Site "London"]
[Date "2019.12.04"]
[Round "7.4"]
[White "Maze, Sebastien"]
[Black "Percivaldi, Martin"]
[Result "1/2-1/2"]
[WhiteElo "2541"]
[BlackElo "2384"]
[Annotator "TA"]
[PlyCount "109"]
[EventDate "2019.11.29"]
[EventType "swiss"]
[EventCountry "ENG"]
[SourceTitle "playchess.com"]
[Source "ChessBase"]
[SourceQuality "1"]

{[%evp 9,109,25,45,26,44,20,39,6,54,36,52,18,14,7,8,13,64,62,51,48,28,33,27,28,23,24,38,50,55,56,71,38,51,32,37,52,40,0,11,0,174,164,182,178,169,92,97,63,68,72,70,46,46,46,46,46,70,24,70,70,70,70,94,94,94,94,94,94,94,94,94,94,94,75,75,75,75,75,75,75,75,75,75,46,75,46,75,75,75,75,75,75,75,75,75,75,75,75,75,0,75,0]} 1. Nf3 d5 2. c4 c6 3. e3 Nf6 4. Nc3 a6 5. d4 Bf5 6. c5 {D15: Slav Defence: 4 Nc3 a6 and gambit lines after 4 Nc3 dxc4} (6. Bd2 e6 7. Nh4 Be4 8. f3 Bg6 9. Nxg6 hxg6 10. Qb3 b5 11. cxd5 cxd5 12. Rc1 Bd6 13. a4 b4 {½-½ (47) Ding,L (2811)-Shankland,S (2705) chess.com INT 2019}) 6... Qc7 7. b4 {[%cal Bb2b4,Bb4b5,Bb5b6][%mdl 32]} Nbd7 8. Bb2 {White is slightly better.} Rd8 $146 ({Predecessor:} 8... e6 9. Nh4 Bg4 10. Qc2 Be7 11. h3 Bh5 12. g4 Bg6 13. Nxg6 hxg6 {1-0 (42) Pedersen,N (2400)-Hansen,S (2566) Helsingor 2013}) 9. Be2 h6 10. a4 e5 11. O-O Be7 12. b5 a5 (12... O-O $11) 13. Nd2 $14 Ra8 14. b6 Qb8 15. Nb3 e4 16. f3 exf3 17. Bxf3 Be6 18. Bc1 h5 19. e4 $36 {[%mdl 2048] White has some pressure.} dxe4 20. Bxe4 Nxe4 21. Nxe4 Nf6 22. Bf4 Qd8 23. Nd6+ Bxd6 $1 24. cxd6 Nd7 $2 {[#]} (24... Bxb3 $1 $11 {and Black stays safe.} 25. Qxb3 O-O) 25. Nc5 $18 Nxc5 26. dxc5 Kd7 27. Qd4 ({Better is} 27. Bd2 $18) 27... Qf6 $16 28. Qxf6 (28. Qe3 {keeps more tension.} Bc4 29. Be5 Qe6 30. Rfe1 Rae8 31. Qg5) 28... gxf6 29. Bd2 f5 30. h4 Rhg8 31. Bg5 Rg6 32. Rae1 Re8 33. Re3 Rgg8 34. Rfe1 Rg6 35. Kf2 Reg8 36. g3 Re8 37. R1e2 Rgg8 38. Ke1 Rg6 39. Kd2 Rgg8 40. Rf2 Rg6 41. Kc3 f6 42. Bf4 Bd5 43. Rxe8 Kxe8 {[%mdl 4096] Endgame KRB-KRB} 44. Re2+ Be4 45. Kb2 Kd7 46. Re1 Ke6 47. Rg1 Rg8 48. Bd2 Kd5 49. Rd1 Bf3 50. Rc1 Ke6 51. Bxa5 Ra8 52. Re1+ Be4 53. Rd1 Bd5 54. Re1+ Be4 55. Rd1 {Accuracy: White = 52%, Black = 65%.} (55. Bc3 $16) 1/2-1/2

[Event "11th LCC FIDE Open 2019"]
[Site "London"]
[Date "2019.12.04"]
[Round "7.5"]
[White "Pert, Richard G"]
[Black "Grover, Sahaj"]
[Result "1/2-1/2"]
[WhiteElo "2436"]
[BlackElo "2508"]
[Annotator "TA"]
[PlyCount "162"]
[EventDate "2019.11.29"]
[EventType "swiss"]
[EventCountry "ENG"]
[SourceTitle "playchess.com"]
[Source "ChessBase"]
[SourceQuality "1"]

{[%evp 9,162,0,0,8,4,-5,52,24,25,-4,0,0,0,-17,-8,-18,-16,-14,-21,-26,0,0,0,0,0,-76,-72,-58,-34,-59,-24,-65,-21,-9,-27,-16,-22,-54,0,0,81,37,139,0,0,0,32,59,85,76,136,0,0,0,40,0,87,79,219,33,12,0,0,-13,-26,-27,0,-109,-66,-100,-73,-99,-99,-86,-84,-94,0,0,0,0,0,0,0,0,0,-14,0,0,0,0,0,0,0,0,0,0,0,0,0,0,0,0,0,0,0,0,47,42,719,695,984,671,897,751,694,651,1029,1727,1555,952,731,586,1062,1036,1031,508,1253,1084,2166,2059,5097,5081,3179,3179,2319,1902,1863,0,729,610,29958,29958,29952,29953,29968,29972,29970,29973,29973,29974,29960,8,8,8,8]} 1. d4 Nf6 2. Nf3 e6 3. Bf4 c5 4. e3 Nc6 5. Nbd2 d5 6. Bb5 {A46: 1 d4 Nf6 2 Nf3 e6: Torre, London and Colle Systems} Qb6 7. c4 dxc4 $146 (7... cxd4 $11 8. exd4 Bd7) ({Predecessor:} 7... cxd4 8. Nxd4 Bd7 9. cxd5 Nxd4 10. Bxd7+ Nxd7 11. exd4 Qxd4 12. dxe6 Nc5 13. exf7+ Kxf7 {1-0 (33) Nabaty,T (2657)-Guelsen,T (2213) London 2017}) 8. a4 {White is slightly better.} (8. Qa4 $5 {[%cal Rd2c4]} cxd4 9. Nxc4 $16) 8... cxd4 9. exd4 Bb4 10. O-O Bxd2 11. Nxd2 Qxd4 12. Be3 Qd5 13. Nxc4 O-O 14. Qe1 Bd7 15. Rd1 Qh5 16. Nd6 $1 b6 17. h3 (17. f4 $11) 17... Nd5 $17 18. Bc1 Qe5 19. Ne4 Qc7 20. b3 Na5 {Threatening ...Bxb5.} 21. Bxd7 Qxd7 22. Ba3 Rfd8 23. Rd3 Qc6 (23... Rac8 $15) 24. Qd2 $11 Rac8 (24... Qc7 $11 {keeps the balance.}) 25. Rc1 {[%mdl 1024] White has strong compensation.} Qa8 (25... Qb7 $14) 26. Rd1 (26. Rg3 $16 Kh8 27. Rxc8 Qxc8 28. Nd6 Rxd6 29. Qg5 (29. Bxd6 f6 $16)) 26... Nc6 $1 27. Qg5 h6 (27... f6 $5 {[%cal Rf6g5]} 28. Qg3 Qb8 $15) 28. Qg3 {Strongly threatening Bb2.} Nce7 29. Nd6 $1 Rc2 {[#]} (29... Rxd6 $142 30. Qxd6 (30. Bxd6 Nf5 $14) 30... Ng6) 30. Qf3 (30. Nxf7 $1 $16 {[%mdl 512]} Kxf7 31. Bxe7 {[%mdl 64] Pin}) 30... Rf8 31. Nc4 Qc8 32. Qg4 Qc7 (32... Nf6 $11 {remains equal.} 33. Qf3 Nfd5) 33. Rg3 $1 $16 {[%csl Gg3][%cal Rg4g7]} g6 (33... Nf5 $16 34. Bxf8 Kxf8) 34. Rf3 $2 (34. Qe4 $18 Ra2 35. Bd6) 34... Rd8 $14 35. Qe4 Rc3 $1 36. Bb2 Rxf3 37. Qxf3 Nf5 38. g4 (38. Ne5 $11) 38... Nfe7 39. Qe4 Nc6 40. Rd3 Qf4 41. Qe1 Qg5 42. Bc1 Qh4 (42... Qf6 $1 $17 43. Bb2 Qg5) 43. Ne5 $1 $11 {[%cal Re5c6]} Ndb4 44. Rxd8+ Qxd8 45. Bxh6 Qd5 46. Nxc6 Nxc6 47. Qc3 {[%csl Gh6][%cal Rc3g7]} Nd4 {White must now prevent ...Ne2+.} 48. Qb4 {Threatening mate with Qf8+.} Qc5 49. Qc4 Qxc4 (49... e5 {is interesting.} 50. Be3 Kg7 51. Kf1 Kf6 52. Bxd4 exd4 53. h4 Qe5) 50. bxc4 {[%mdl 4096] Endgame KB-KN} Nf3+ 51. Kf1 $1 Ne5 52. c5 $1 bxc5 53. Be3 Nd7 54. Ke2 Kf8 55. Kd3 Ke7 56. Kc4 Kd6 57. Kb5 Kd5 58. h4 $1 {[%cal Rh4h5] aiming for h5.} Ne5 $2 {[%mdl 8192]} (58... Nf6 $14) 59. h5 $18 Nxg4 60. h6 Nf6 61. Bxc5 a6+ {[#]} 62. Kb6 $1 g5 63. Be7 Nh7 64. Kxa6 Kc6 65. Ka5 f5 66. Kb4 g4 67. Kc4 e5 (67... f4 $142 68. Bh4 Nf8) 68. Kd3 Kd5 69. a5 {[%cal Ba4a5,Ba5a6,Ba6a7][%mdl 32]} f4 70. a6 Kc6 71. a7 Kb7 72. Bc5 Ng5 73. Be7 $2 (73. Ke2 $18 {Threatens to win with Bd6.} e4 74. Bd4) 73... e4+ $2 {[%mdl 8192]} (73... Nh7 $11 74. Ke4 g3 75. fxg3 fxg3) 74. Ke2 Nf7 75. h7 Kxa7 76. Bd6 g3 77. fxg3 fxg3 78. Bxg3 Kb7 79. Ke3 Kc6 {[#]} 80. Bh4 $2 (80. Kf4 $1 {mates} Kd7 81. Kf5 Ke7 82. Bf2 Nd6+ 83. Kg6 Nf7 84. Bc5+ Ke6 85. Kg7) 80... Kd5 $11 81. Bf6 Ke6 {Accuracy: White = 56%, Black = 39%.} 1/2-1/2

[Event "11th LCC FIDE Open 2019"]
[Site "London"]
[Date "2019.12.04"]
[Round "7.6"]
[White "Kirk, Ezra"]
[Black "Gordon, Stephen J"]
[Result "0-1"]
[WhiteElo "2433"]
[BlackElo "2505"]
[Annotator "RC"]
[PlyCount "144"]
[EventDate "2019.11.29"]
[EventType "swiss"]
[EventCountry "ENG"]
[SourceTitle "playchess.com"]
[Source "ChessBase"]
[SourceQuality "1"]
[TimeControl "40/5400+30:1800+30"]

1. e4 {[%emt 0:03:57]} c5 {[%emt 0:00:00]} 2. Nf3 {[%emt 0:00:13]} d6 {[%emt 0:00:00]} 3. d4 {[%emt 0:00:08]} cxd4 {[%emt 0:00:00]} 4. Nxd4 {[%emt 0:00:06]} Nf6 {[%emt 0:00:05]} 5. Nc3 {[%emt 0:00:07]} a6 {[%emt 0:00:33]} 6. h3 {[%emt 0:00:20]} e6 {[%emt 0:00:42]} 7. g4 {[%emt 0:00:23]} Nfd7 {[%emt 0:00:40]} 8. Be3 {[%emt 0:00:57]} b5 {[%emt 0:04:56]} 9. a3 {[%emt 0:00:58]} Be7 {[%emt 0:01:54]} 10. g5 {[%emt 0:01:01]} Bb7 {[%emt 0:00:44]} 11. h4 {[%emt 0:00:31]} Nc6 {[%emt 0:05:53]} 12. f4 {[%emt 0:03:06]} O-O {[%emt 0:10:11]} 13. Rh3 {[%emt 0:03:21]} Re8 {[%emt 0:11:47]} 14. Nxc6 {[%emt 0:31:21]} Bxc6 {[%emt 0:00:03]} 15. f5 {[%emt 0:20:18]} Ne5 {[%emt 0:11:57]} 16. f6 {[%emt 0:06:19]} gxf6 {[%emt 0:02:24]} 17. Qh5 {[%emt 0:00:08]} Kh8 {[%emt 0:03:41]} 18. O-O-O {[%emt 0:01:34]} Rg8 {[%emt 0:05:24]} 19. Bd4 {[%emt 0:01:36]} Qe8 {[%emt 0:03:01]} 20. Kb1 {[%emt 0:07:20]} Rg6 {[%emt 0:06:34]} 21. Bd3 {[%emt 0:08:20]} Qg8 22. Rdh1 {[%emt 0:01:18]} Qg7 23. Ne2 {[%emt 0:01:24]} Kg8 {[%emt 0:14:36]} 24. Nf4 Nxd3 {[%emt 0:02:55]} 25. cxd3 {[%emt 0:02:21]} e5 {[%emt 0:00:00]} 26. Nxg6 {[%emt 0:00:04]} fxg6 {[%emt 0:00:00]} 27. Qd1 {[%emt 0:01:07]} exd4 {[%emt 0:00:11]} 28. h5 {[%emt 0:00:20]} Be8 {[%emt 0:00:35]} 29. hxg6 {[%emt 0:01:57]} Bxg6 {[%emt 0:00:03]} 30. gxf6 {[%emt 0:00:17]} Bxf6 {[%emt 0:02:34]} 31. Qc2 {[%emt 0:01:25]} Rd8 {[%emt 0:02:44]} 32. Qc6 {[%emt 0:00:42]} Qd7 {[%emt 0:00:33]} 33. Qxa6 {[%emt 0:00:42]} Bg7 {[%emt 0:02:00]} 34. Rg3 {[%emt 0:00:39]} Rc8 {[%emt 0:01:00]} 35. Rg5 {[%emt 0:00:28]} Be5 {[%emt 0:00:54]} 36. Qa5 {[%emt 0:01:21]} Qd8 {[%emt 0:01:09]} 37. Qd2 {[%emt 0:00:27]} Qf6 {[%emt 0:00:20]} 38. Qg2 {[%emt 0:00:48]} Rf8 {[%emt 0:01:46]} 39. Qg4 {[%emt 0:00:42]} Rd8 {[%emt 0:03:26]} 40. Rf5 {[%emt 0:01:02]} Qg7 {[%emt 0:01:44]} 41. Rg5 {[%emt 0:01:48]} Rf8 {[%emt 0:08:02]} 42. Rg1 {[%emt 0:07:07]} Kh8 {[%emt 0:11:15]} 43. Rh1 {[%emt 0:06:21]} Rg8 {[%emt 0:00:56]} 44. Rg1 {[%emt 0:01:47]} Qf7 {[%emt 0:01:49]} 45. Qh3 {[%emt 0:02:20]} Qe8 {[%emt 0:03:19]} 46. Qf3 {[%emt 0:02:16]} Qe6 {[%emt 0:01:10]} 47. Qh1 {[%emt 0:01:21]} b4 {[%emt 0:03:02]} 48. axb4 {[%emt 0:03:58]} Ra8 {[%emt 0:00:59]} 49. Rxg6 {[%emt 0:00:59]} Qa2+ {[%emt 0:00:04]} 50. Kc2 {[%emt 0:00:25]} Rc8+ {[%emt 0:00:03]} 51. Kd1 {[%emt 0:00:05]} Qxb2 {[%emt 0:01:21]} 52. Qh6 {[%emt 0:01:03]} Ra8 {[%emt 0:04:48]} 53. Rg8+ {[%emt 0:00:51]} Rxg8 {[%emt 0:00:01]} 54. Rxg8+ {[%emt 0:00:06]} Kxg8 {[%emt 0:00:01]} 55. Qg5+ {[%emt 0:00:34]} Kf7 {[%emt 0:00:11]} 56. Qf5+ {[%emt 0:00:10]} Ke7 {[%emt 0:00:36]} 57. Qxh7+ {[%emt 0:01:05]} Kd8 {[%emt 0:00:01]} 58. Qg8+ {[%emt 0:01:21]} Kc7 {[%emt 0:00:02]} 59. Qc4+ {[%emt 0:00:24]} Kb6 {[%emt 0:00:01]} 60. Qc8 {[%emt 0:00:24]} Qb1+ {[%emt 0:02:24]} 61. Ke2 {[%emt 0:00:16]} Qa2+ {[%emt 0:00:05]} 62. Kd1 {[%emt 0:01:39]} Qa6 {[%emt 0:01:20]} 63. Qc2 {[%emt 0:00:33]} Qa1+ {[%emt 0:01:06]} 64. Ke2 {[%emt 0:00:26]} Qg1 {[%emt 0:00:18]} 65. Qc4 {[%emt 0:00:59]} Qe3+ {[%emt 0:00:55]} 66. Kf1 {[%emt 0:01:11]} Bg3 {[%emt 0:00:54]} 67. Qc2 {[%emt 0:01:29]} Qf3+ {[%emt 0:00:39]} 68. Kg1 {[%emt 0:00:12]} Bf4 {[%emt 0:00:27]} 69. Qb3 {[%emt 0:01:45]} Be3+ {[%emt 0:00:29]} 70. Kh2 {[%emt 0:00:03]} Bf4+ {[%emt 0:00:26]} 71. Kg1 {[%emt 0:00:04]} Qg3+ {[%emt 0:00:16]} 72. Kf1 {[%emt 0:00:05]} Be3 {[%emt 0:00:10]} 0-1

[Event "11th LCC FIDE Open 2019"]
[Site "London"]
[Date "2019.12.04"]
[Round "7.7"]
[White "Merry, Alan B"]
[Black "Petrov, Martin"]
[Result "1/2-1/2"]
[WhiteElo "2426"]
[BlackElo "2497"]
[Annotator "ChessBase"]
[PlyCount "104"]
[EventDate "2019.11.29"]
[EventType "swiss"]
[EventCountry "ENG"]
[SourceTitle "playchess.com"]
[Source "ChessBase"]
[SourceQuality "1"]
[TimeControl "40/5400+30:1800+30"]

1. c4 {[%emt 0:00:00]} c5 {[%emt 0:00:00]} 2. Nf3 {[%emt 0:00:00]} Nc6 {[%emt 0:00:11]} 3. d4 {[%emt 0:00:00]} cxd4 {[%emt 0:00:05]} 4. Nxd4 {[%emt 0:00:00]} Nf6 {[%emt 0:00:24]} 5. Nc3 {[%emt 0:00:00]} e6 {[%emt 0:00:06]} 6. a3 {[%emt 0:00:01]} Be7 {[%emt 0:00:07]} 7. e4 {[%emt 0:00:22]} O-O {[%emt 0:00:09]} 8. Nf3 {[%emt 0:00:15]} Qc7 {[%emt 0:00:11]} 9. Be2 {[%emt 0:01:12]} b6 {[%emt 0:03:39]} 10. Bg5 {[%emt 0:09:05]} Bb7 {[%emt 0:04:32]} 11. Rc1 {[%emt 0:03:14]} Rac8 {[%emt 0:03:39]} 12. O-O {[%emt 0:02:27]} Qb8 {[%emt 0:01:05]} 13. Bh4 {[%emt 0:10:24]} Rfd8 {[%emt 0:02:32]} 14. h3 {[%emt 0:11:41]} d6 {[%emt 0:02:49]} 15. b4 {[%emt 0:06:46]} Ne5 {[%emt 0:05:15]} 16. Nxe5 {[%emt 0:04:28]} dxe5 {[%emt 0:00:57]} 17. Qb3 {[%emt 0:04:47]} Kf8 {[%emt 0:11:12]} 18. f3 {[%emt 0:06:39]} Nh5 {[%emt 0:08:37]} 19. Bxe7+ {[%emt 0:03:14]} Kxe7 {[%emt 0:00:05]} 20. Rfd1 {[%emt 0:00:22]} Rd4 {[%emt 0:17:59]} 21. Nb5 {[%emt 0:06:56]} Rxd1+ {[%emt 0:02:50]} 22. Rxd1 {[%emt 0:02:18]} Rd8 {[%emt 0:02:30]} 23. Rxd8 {[%emt 0:03:00]} Qxd8 {[%emt 0:00:58]} 24. Qd3 {[%emt 0:00:06]} Qb8 {[%emt 0:03:59]} 25. Nc3 {[%emt 0:02:57]} Bc6 {[%emt 0:03:08]} 26. Bf1 {[%emt 0:02:13]} Qd6 {[%emt 0:01:54]} 27. Qxd6+ {[%emt 0:00:35]} Kxd6 {[%emt 0:00:02]} 28. Kf2 {[%emt 0:00:25]} g6 {[%emt 0:01:44]} 29. h4 {[%emt 0:07:27]} f5 {[%emt 0:00:38]} 30. g3 {[%emt 0:00:08]} Nf6 {[%emt 0:03:04]} 31. Bd3 {[%emt 0:02:32]} Bd7 {[%emt 0:02:29]} 32. Ke3 {[%emt 0:00:48]} Nh5 {[%emt 0:01:20]} 33. g4 {[%emt 0:02:00]} Nf4 {[%emt 0:00:37]} 34. Bf1 {[%emt 0:00:36]} Bc6 {[%emt 0:00:47]} 35. Nb1 {[%emt 0:04:44]} Ba4 {[%emt 0:03:39]} 36. Nd2 {[%emt 0:00:45]} Kc6 {[%emt 0:03:31]} 37. c5 {[%emt 0:03:58]} b5 {[%emt 0:02:19]} 38. Nb1 {[%emt 0:00:42]} Bb3 {[%emt 0:01:16]} 39. Nc3 {[%emt 0:01:12]} a6 {[%emt 0:01:07]} 40. g5 {[%emt 0:00:53]} Bc4 {[%emt 0:07:44]} 41. Bxc4 {[%emt 0:08:09]} bxc4 {[%emt 0:00:02]} 42. Ne2 {[%emt 0:04:38]} Nd3 {[%emt 0:01:33]} 43. Kd2 {[%emt 0:04:53]} a5 {[%emt 0:01:36]} 44. Nc1 {[%emt 0:02:50]} Nxb4 {[%emt 0:02:45]} 45. axb4 {[%emt 0:00:07]} axb4 {[%emt 0:00:03]} 46. Kc2 {[%emt 0:00:48]} f4 {[%emt 0:02:09]} 47. Ne2 {[%emt 0:00:56]} Kxc5 {[%emt 0:00:05]} 48. Kb2 {[%emt 0:04:11]} Kb5 {[%emt 0:00:15]} 49. Kc2 {[%emt 0:03:21]} Ka4 {[%emt 0:03:30]} 50. Kb2 {[%emt 0:00:19]} Ka5 {[%emt 0:01:57]} 51. Ng1 {[%emt 0:01:45]} Ka4 {[%emt 0:00:49]} 52. Ne2 {[%emt 0:00:20]} Kb5 {[%emt 0:00:23]} 1/2-1/2

[Event "11th LCC FIDE Open 2019"]
[Site "London"]
[Date "2019.12.04"]
[Round "7.8"]
[White "Gormally, Daniel W"]
[Black "Bates, Richard A"]
[Result "1-0"]
[WhiteElo "2491"]
[BlackElo "2342"]
[Annotator "ChessBase"]
[PlyCount "71"]
[EventDate "2019.11.29"]
[EventType "swiss"]
[EventCountry "ENG"]
[SourceTitle "playchess.com"]
[Source "ChessBase"]
[SourceQuality "1"]
[TimeControl "40/5400+30:1800+30"]

1. e4 {[%emt 0:00:00]} c5 {[%emt 0:02:09]} 2. Nf3 {[%emt 0:00:00]} d6 {[%emt 0:00:23]} 3. d4 {[%emt 0:00:00]} cxd4 {[%emt 0:00:11]} 4. Nxd4 {[%emt 0:00:00]} Nf6 {[%emt 0:00:27]} 5. Nc3 {[%emt 0:00:00]} a6 {[%emt 0:00:08]} 6. Be3 {[%emt 0:00:08]} e5 {[%emt 0:00:34]} 7. Nb3 {[%emt 0:00:07]} Be6 {[%emt 0:01:36]} 8. f3 {[%emt 0:00:06]} h5 {[%emt 0:02:43]} 9. Qd2 {[%emt 0:00:35]} Nbd7 {[%emt 0:00:20]} 10. Nd5 {[%emt 0:00:05]} Bxd5 {[%emt 0:01:53]} 11. exd5 {[%emt 0:00:05]} Qc7 {[%emt 0:04:38]} 12. c4 {[%emt 0:00:08]} a5 {[%emt 0:01:48]} 13. a4 {[%emt 0:00:06]} g6 {[%emt 0:03:38]} 14. Bd3 {[%emt 0:00:25]} b6 {[%emt 0:06:22]} 15. O-O {[%emt 0:00:16]} Nc5 {[%emt 0:01:39]} 16. Nxc5 {[%emt 0:01:21]} bxc5 {[%emt 0:00:39]} 17. f4 {[%emt 0:11:04]} e4 {[%emt 0:15:21]} 18. Be2 {[%emt 0:03:50]} Bg7 {[%emt 0:02:46]} 19. f5 {[%emt 0:04:51]} O-O {[%emt 0:01:34]} 20. Rab1 {[%emt 0:02:30]} Rae8 {[%emt 0:09:23]} 21. Qe1 {[%emt 0:07:05]} Nh7 {[%emt 0:19:54]} 22. Kh1 {[%emt 0:10:44]} Kh8 {[%emt 0:04:06]} 23. Bd2 {[%emt 0:09:44]} Qd7 {[%emt 0:02:58]} 24. b3 {[%emt 0:00:13]} gxf5 {[%emt 0:01:26]} 25. Qh4 {[%emt 0:01:09]} Bd4 {[%emt 0:07:38]} 26. Qxh5 {[%emt 0:01:37]} f4 {[%emt 0:05:00]} 27. Rxf4 {[%emt 0:01:52]} f5 {[%emt 0:00:15]} 28. Rbf1 {[%emt 0:06:01]} Re5 {[%emt 0:00:18]} 29. g4 {[%emt 0:01:59]} Qb7 {[%emt 0:01:28]} 30. g5 {[%emt 0:03:27]} Kg8 {[%emt 0:01:13]} 31. g6 {[%emt 0:04:21]} Nf6 {[%emt 0:00:15]} 32. Rxf5 {[%emt 0:02:53]} Rxf5 {[%emt 0:01:09]} 33. Qxf5 {[%emt 0:00:05]} Qxb3 {[%emt 0:00:17]} 34. Qe6+ {[%emt 0:00:50]} Kg7 {[%emt 0:00:34]} 35. Qe7+ {[%emt 0:00:29]} Kg8 {[%emt 0:00:19]} 36. Bh6 {[%emt 0:00:21]} 1-0